|
|
|
|
| LEADER |
00000nab a2200000 a 4500 |
| 001 |
vtls000181444 |
| 003 |
SK-MaSNL |
| 005 |
20260304054316.0 |
| 008 |
250422c1984 xo 0 slo |
| 015 |
|
|
|a SNBRB19rr/mm-uuuuu
|
| 035 |
|
|
|a CL0191557
|
| 035 |
|
|
|a urn:nbn:sk:snk-abbdfw
|
| 035 |
|
|
|a (urnnbn)urn:nbn:sk:snk:ar-000l68
|
| 035 |
|
|
|a (uuid)38131db3-f43a-4d0d-90f9-297bcdc89110
|
| 040 |
|
|
|a SNKBUCL
|b slo
|c SNKBUCL
|e AACR2
|
| 041 |
0 |
|
|a slo
|
| 044 |
|
|
|a xo
|c SK
|
| 080 |
|
|
|a 002.63(47)
|2 1981
|
| 080 |
|
|
|a 023.4
|2 1981
|
| 080 |
|
|
|a 374.2(437.6-25)
|2 1981
|
| 100 |
1 |
|
|a K.L.
|4 aut
|9 423983
|
| 245 |
1 |
0 |
|a O vedeckých a technických informáciách
|c K.L.
|
| 650 |
0 |
7 |
|a sústavy VTEI
|2 snkbucl
|9 923116
|
| 655 |
|
7 |
|a články z novín a časopisov
|2 snkbucl
|9 267496
|
| 773 |
0 |
|
|t Čitateľ
|g Roč. 33, č. 5 (1984), s. 182-183
|
| 850 |
|
|
|a Slovenská národná knižnica
|
| 852 |
|
|
|a Slovenská národná knižnica
|
| 954 |
|
|
|a odborná, vedecká literatúra pôvodná (slovenská)
|2 lita
|
| 958 |
|
|
|a article15
|
| 958 |
|
|
|a OND
|
| 958 |
|
|
|a RK
|
| 958 |
|
|
|a KL
|
| 958 |
|
|
|a EUIPO
|
| 992 |
|
|
|a RBX
|
| 999 |
|
|
|c 2718021
|d 2719951
|